000 00360nam a2200145Ia 4500
008 230711s9999||||xx |||||||||||||| ||und||
041 _aENG
082 _a677
_bCL-B
100 _aClemens,Michael J
245 0 _aBioChemistry of cellular regulation
250 _a1st . Ed.
260 _c1987
_aNew Delhi
_bCRC Press Florida
650 _aChemistry
942 _cBK
999 _c3604
_d3604